| 000 | 00705nam a2200217 i 4500 | ||
|---|---|---|---|
| 001 | 77941 | ||
| 003 | ES-MaACL | ||
| 005 | 20230906173451.0 | ||
| 007 | t| | ||
| 008 | 041116s1930 sp ||||1| spa d | ||
| 080 | _a940.3/.4(093.3) | ||
| 100 | 1 |
_aLebaud, Pierre-Charles-Emile. _971001 |
|
| 245 | 1 | 0 |
_aMis impresiones de guerra / _cCoronel Lebaud. |
| 260 |
_aToledo : _b[s.n.], _c1930 ( _fRodríguez Impresor) |
||
| 300 |
_a67, IV p. ; _c19 cm. |
||
| 490 | 1 |
_aColección Bibliográfica Militar ; _v22 |
|
| 650 | 1 | 4 |
_aGuerra mundial, 1914-1918- _vRelatos personales. _913227 |
| 830 | 0 |
_aColección Bibliográfica Militar ; _v22 _9183564 |
|
| 852 |
_aES-MaACL _jE-10395 _bR.133663 |
||
| 999 |
_c77941 _d77941 |
||